000 01262nam0a2200337 i 4500
001 RU\NLR\BIBL_A\010706241
005 20260405192642.0
010 _a9785699781300
_92000
021 _aRU
_b2015-6833
_9428
035 _a(NILC)RuMoRGB-007862803
035 _a(NLR Aleph) 010706241
090 _a9745809
_c9745809
100 _a20150324d2015 m y0rusy50 ca
101 1 _arus
_cper
102 _aRU
105 _ay z 000gy
200 1 _aЛюбовный напиток
_eлучшая персидская лирика
_f[пер. с фарси Г. Плисецкого, В. Державина]
210 _aМосква
_cЭксмо
_d2015
215 _a477, [1] с.
_d21
225 1 _aЗарубежная классика
327 1 _aСодерж.: авт.: Омар Хайям, Руми, Саади, Хафиз
333 _a16+
686 1 _aШ5(0)952.314я43тексты
702 1 _4730
_8rus
_7ca
_aПлисецкий
_bГ. Б.
_cпоэт, переводчик
_f1931-1992
_gГерман Борисович
_3RU\NLR\AUTH\7784532
_967460
801 0 _aRU
_bРГБ
_c20150209
_gRCR
801 1 _aRU
_bРГБ
_c20150209
_2rusmarc
942 _cBOOK
980 _aNBR